S manažérskym účtovníctvom je aj daňové priznanie hračkou
Účtovníctvo ako zdroj informácií o hospodárení, rozhodovaní a riadení podniku. Hlavné benefity manažérskeho účtovníctva, ktoré umožňuje firme nastaviť si ciele na mesiace dopredu.
Enregistré dans:
| Auteur principal: | |
|---|---|
| Format: | Chapitre de livre |
| Langue: | slovaque |
| Sujets: | |
| Tags: |
Pas de tags, Soyez le premier à ajouter un tag!
|
MARC
| LEADER | 00000naa a2200000 4500 | ||
|---|---|---|---|
| 001 | 0183778 | ||
| 005 | 20220725111606.5 | ||
| 041 | 0 | |a slo | |
| 044 | |a SK | ||
| 245 | 1 | 0 | |a S manažérskym účtovníctvom je aj daňové priznanie hračkou |c Peter Zimerman |
| 520 | |a Účtovníctvo ako zdroj informácií o hospodárení, rozhodovaní a riadení podniku. Hlavné benefity manažérskeho účtovníctva, ktoré umožňuje firme nastaviť si ciele na mesiace dopredu. | ||
| 610 | 2 | 0 | |a účtovníctvo manažérske |
| 610 | 2 | 0 | |a dokumentácia účtovná |
| 610 | 2 | 0 | |a metódy účtovné |
| 610 | 2 | 0 | |a vedenie účtovníctva |
| 610 | 2 | 0 | |a účtovníctvo daňové |
| 100 | 1 | |a Zimerman, Peter | |